Suomen maakuntien tunnusjärvet - Statistics

Yleistilastot
  • Tätä visaa on pelattu 30 kertaa
  • Keskiarvotulos 9 / 19
Vastaustilastot
Maakunta Järvi % Oikein
Etelä-Karjala Saimaa
96%
Pohjois-Karjala Pielinen
76%
Pohjois-Pohjanmaa Pyhäjärvi
76%
Lappi Inarijärvi
72%
Päijät-Häme Päijänne
68%
Kainuu Oulujärvi
60%
Keski-Suomi Keitele
56%
Etelä-Pohjanmaa Lappajärvi
48%
Kanta-Häme Vanajavesi
40%
Pirkanmaa Längelmävesi
36%
Etelä-Savo Puula
36%
Keski-Pohjanmaa Lestijärvi
32%
Uusimaa Tuusulanjärvi
32%
Pohjanmaa Luodonjärvi
24%
Satakunta Säkylän Pyhäjärvi
24%
Varsinais-Suomi Säkylän Pyhäjärvi
24%
Kymenlaakso Vuohijärvi
24%
Pohjois-Savo Juojärvi
20%
Ahvenanmaa Östra och Västra Kyrksundet
16%
Ehtoja vastaavia visoja ei löytynyt
Tulosjakauma
Jokaisen tuloksen saaneiden osuus
Persentiili vastausten määrän mukaan
Tuloshistoriasi
Et ole pelannut tätä visaa